000 00491nam a2200145Ia 4500
041 _aArabic
082 _a791.43 cut-325 ن
100 _a20260118u\\\\\\\\\\\y0engy0103\\\\ba
100 _aهاشم النحاس
245 0 _aالروائي والتسجيلي القسم الاول محاولات في النقد التحليلي الفني للفيلم
250 _aط1
260 _bدار الحرية للطباعة
_aبغداد -العراق
_c1980
300 _a318
942 _cBk
999 _c190271
_d190271